Electronics Experiments & Projects (Record no. 194864)
[ view plain ]
| 000 -LEADER | |
|---|---|
| fixed length control field | 00655 a2200157 4500 |
| 003 - CONTROL NUMBER IDENTIFIER | |
| control field | Nust |
| 005 - DATE AND TIME OF LATEST TRANSACTION | |
| control field | 20170207154206.0 |
| 040 ## - CATALOGING SOURCE | |
| Transcribing agency | Nust |
| 082 ## - DEWEY DECIMAL CLASSIFICATION NUMBER | |
| Classification number | 621.382 |
| 100 ## - MAIN ENTRY--PERSONAL NAME | |
| Personal name | Len Buckwalter |
| 245 ## - TITLE STATEMENT | |
| Title | Electronics Experiments & Projects |
| Statement of responsibility, etc. | Len Buckwalter |
| 260 ## - PUBLICATION, DISTRIBUTION, ETC. | |
| Place of publication, distribution, etc. | America |
| Name of publisher, distributor, etc. | Howard W.Same |
| Date of publication, distribution, etc. | 1962 |
| 300 ## - PHYSICAL DESCRIPTION | |
| Extent | 127p; |
| 505 ## - FORMATTED CONTENTS NOTE | |
| Formatted contents note | Experimenting on a Breadboard (Page-7) How Basic Electronic Parts Work (Page-13) Electronics Sending and Receiving (Page-51) Detection, Control and Alarm (Page-81) Man-Made Lightning (Page-95) Electroplating (Page-103) Weather- Indicating Devices (Page-109) Build A Computer (Page-121) |
| 538 ## - SYSTEM DETAILS NOTE | |
| System details note | Almirah No.130 Shelf No.5 |
| 942 ## - ADDED ENTRY ELEMENTS (KOHA) | |
| Source of classification or shelving scheme | |
| Koha item type | Book |
| Withdrawn status | Lost status | Source of classification or shelving scheme | Damaged status | Not for loan | Collection code | Permanent Location | Current Location | Date acquired | Total Checkouts | Full call number | Barcode | Date last seen | Price effective from | Koha item type |
|---|---|---|---|---|---|---|---|---|---|---|---|---|---|---|
| Military College of Signals (MCS) | Military College of Signals (MCS) | 12/12/2016 | 621.382 BUC | MCS5903 | 12/08/2016 | 12/12/2016 | Book |
